000 00578nam a22001697a 4500
003 OSt
005 20260224152246.0
008 260224b |||||||| |||| 00| 0 eng d
040 _cMRSPTU
041 _aEnglish
100 _aLakhwinder Singh, Supervisor: Dr. Sanjiv Kumar Aggarwal
245 _aEffect of Partial Replacement of Cement with Rice Straw Ash on Strength Properties of Concrete
260 _bDepartment of Civil Engg. MRSPTU, Bathinda
_c2021
650 _aCivil Engineering
856 _uhttp://163.47.215.52:8080/jspui/handle/123456789/408
942 _2ddc
_cTH
_n0
999 _c10993
_d10993